000 00336 a2200145 4500
001 155288
040 _cEscola São Tomás de Aquino
100 _aGIOVANNI, José Ruy
240 1 0 _aA conquista da matemática
_lpor
245 1 0 _aA conquista da matemática
300 _a221
440 1 _aFTD
697 _aMATEMÁTICA
942 _cBK
999 _c155288
_d155288